U.S. Presidents With the Most Common Last Names - Statistics

General Stats
  • This quiz has been taken 543 times
  • The average score is 6 of 10
Answer Stats
Hint Answer % Correct
1,932,812 Johnson
83%
427,865 Adams
82%
708,099 Jackson
78%
177,386 Washington
78%
376,966 Carter
63%
181,091 Harrison
61%
184,832 Ford
58%
751,209 Taylor
55%
801,822 Wilson
55%
194,246 Hayes
37%
No matching quizzes found
Score Distribution
Percent of People with Each Score
Percentile by Number Answered
Your Score History
You have not taken this quiz